Aktualizácia k zákonom I/2002 Zákon o správe daní a poplatkov...

Saved in:
Bibliographic Details
Format: Book
Language:Slovak
Published: Žilina Poradca 2002
Series:Aktualizácia I/5
Tags: Add Tag
No Tags, Be the first to tag this record!

MARC

LEADER 00000nam a2200000 4500
001 c134413
005 20250619120000.5
022 |a 1335-6127 
041 0 |a slo 
044 |a SK 
245 1 0 |a Aktualizácia k zákonom I/2002  |b Zákon o správe daní a poplatkov... 
264 1 |a Žilina  |b Poradca  |c 2002 
300 |a 176 s. 
490 1 |a Aktualizácia  |v I/5 
830 0 |a Aktualizácia  |v I/5